000 00402pab a2200157 454500
008 180718b1998 xxu||||| |||| 00| 0 eng d
100 _aSunita Kumari et al.
245 _aITI's training courses: their impact
260 _c1998
300 _ap.18-20
362 _aSep
650 _aTechnical education - India - Haryana
650 _aTechnical education
773 _aKurukshetra
909 _a38884
999 _c38884
_d38884